000
003250000a22001450004500
003
MACL
040
_a
MACL
090
_c
42607
_d
42605
100
_a
Varma, Amar
245
_a
Selected Urdu Poetry of Women Poets
260
_b
Star Publications Pvt Ltd
_c
2008
350
_a
350
650
_a
Poetry
942
_c
BOOK
_k
821/VAR/P
999
_c
42156
_d
42156